Ολοκληρώματα : επικαμπύλια, διπλά, τριπλά, επιφανειακά, διανυσματική ανάλυση : λυμένα θέματα και στοιχεία θεωρίας για τους σπουδαστές των Ανωτάτων Σχολών

Αποθηκεύτηκε σε:
Λεπτομέρειες βιβλιογραφικής εγγραφής
Κύριος συγγραφέας: Γκαρούτσος, Γιάννης Β.
Μορφή: Βιβλίο
Γλώσσα:Greek
Δημοσίευση: Αθήνα : Spin, [μεταξύ 1990 και 2000]
Θέματα:
Ετικέτες: Προσθήκη ετικέτας
Δεν υπάρχουν, Καταχωρήστε ετικέτα πρώτοι!

MARC

LEADER 00000cam a2200000 i 4500
001 1/38335
008 061129q19902000gr | ||| |||| ||gre||
020 |a 9608250110 
035 |l 10086321 
040 |a GR-MyUa  |b gre  |e AACR2 
041 0 |a gre 
082 7 |a 515.43   |2 (22) 
100 1 |a Γκαρούτσος, Γιάννης Β. 
245 1 0 |a Ολοκληρώματα :   |b επικαμπύλια, διπλά, τριπλά, επιφανειακά, διανυσματική ανάλυση : λυμένα θέματα και στοιχεία θεωρίας για τους σπουδαστές των Ανωτάτων Σχολών /   |c Γιάννης Γκαρούτσος. 
260 |a Αθήνα :   |b Spin,   |c [μεταξύ 1990 και 2000] 
300 |a 252 σ. ;   |c 24 εκ. 
650 0 |a Calculus, Integral. 
650 0 |a Integrals. 
650 0 |a Integral equations  |x Problems, exercises, etc. 
852 |a INST  |b SYROS  |e 20061129  |h 515.43 ΓΚΑ  |p 005500007189  |q 005500007189  |t BK  |y 0 
901 |a BIBL5-2007-2 
922 |a 5ΕΛΗ  |b 200610  |c Βιβλιοθήκη Σύρου  |d GloryBook 
950 |a 188-2006-10-11 
970 |a Καγιαβά  |b Ειρήνη  |z 04/09/2007